000 01961nam0a2200349 4500
001 RU\NLR\bibl\73485
005 20260407053353.0
010 _a5-9234-0003-0
_91000
021 _aRU
_b2000-702
_938
035 _a(NLR Aleph) 000071697
090 _a395681
_c395681
100 _a20000306d1999 |||y0rusy50 ca
101 1 _arus
102 _aRU
105 _aa |||||||||
200 1 _aЧеловек и право
_eКн. о Летней шк. по юрид. антропологии (г. Звенигород, 22-29 мая 1999 г.)
_e[Сб. ст.]
_fИн-т этнологии и антропологии РАН и др.
_gОтв. ред.: Н.И. Новикова, В.А. Тишков
210 _aМ.
_cСтратегия
_d1999
215 _a194,[1] с., [4] л. цв. ил., портр.
_d29
300 _aВ надзаг. также: Комис. по обычному праву и правовому плюрализму Междунар. союза антропол. и этнол. наук, Ассоц. корен. малочисл. народов Севера, Сибири и Дальнево Востока
320 _aБиблиогр. в конце ст.
606 0 _aПраво
_jСъезды, совещания и т.п.
_yРоссийская Федерация
_92070216
_3RU\NLR\auth\661244932
606 0 _aМеждународное право
_jСъезды, совещания и т.п.
_9913590
_3RU\NLR\auth\6614473
686 _aХ62я431
686 _aХ91я431
702 1 _4070
_8rus
_7ca
_aНовикова
_bН. И.
_cд-р. ист. наук
_f1955-
_gНаталья Ивановна
_3RU\NLR\AUTH\7743594
_926537
711 1 2 _aЛетняя школа по юридической антропологии
_f1999
_eЗвенигород
_3RU\NLR\AUTH\8810023300
_9544607
801 0 _aRU
_bNLR
_c20000306
_gPSBO
801 1 _aRU
_bNLR
_c20000306
852 _aNLR
_j99-8/2566
942 _cBOOK
980 _aNB